| 000 | 00594nam a2200193 i 4500 | ||
|---|---|---|---|
| 001 | 76770 | ||
| 003 | ES-MaACL | ||
| 005 | 20250726063033.0 | ||
| 007 | t| | ||
| 008 | 041005s1966 sp ||||1| spa d | ||
| 100 | 1 |
_aGuizot, François, _d1787-1874 _9127641 |
|
| 245 | 1 | 0 |
_aHistoria de la civilización en Europa / _cF. Guizot ; [traductor, Fernando Vela]. |
| 260 |
_aMadrid : _bAlianza, _c[1966] |
||
| 300 |
_a343 p. ; _c18 cm. |
||
| 651 | 4 |
_aEuropa- _xCivilización. _98584 |
|
| 700 | 1 |
_aVela, Fernando. _9113674 |
|
| 852 |
_aES-MaACL _jC-29500 _bR.59801 |
||
| 999 |
_c76770 _d76770 |
||